Central Library and Information Centre
Sibsagar Girls' College, Sivasagar : Assam

NABA MALLIKA (Record no. 32258)

MARC details
000 -LEADER
fixed length control field 00376nam a22001577a 4500
005 - DATE AND TIME OF LATEST TRANSACTION
control field 20260305081824.0
008 - FIXED-LENGTH DATA ELEMENTS--GENERAL INFORMATION
fixed length control field 260305b |||||||| |||| 00| 0 eng d
020 ## - INTERNATIONAL STANDARD BOOK NUMBER
International Standard Book Number
Qualifying information
040 ## - CATALOGING SOURCE
Original cataloging agency
Transcribing agency
100 ## - MAIN ENTRY--PERSONAL NAME
Personal name CHOUDHURY ROGHUNATH
9 (RLIN) 1171
245 ## - TITLE STATEMENT
Title NABA MALLIKA
250 ## - EDITION STATEMENT
Edition statement 1ST
260 ## - PUBLICATION, DISTRIBUTION, ETC.
Place of publication, distribution, etc. GUWAHATI
Name of publisher, distributor, etc. GUNABHIRAM CHOUDHURY
Date of publication, distribution, etc. 1958,AUG
300 ## - PHYSICAL DESCRIPTION
Extent 54;P
942 ## - ADDED ENTRY ELEMENTS (KOHA)
Source of classification or shelving scheme Dewey Decimal Classification
Koha item type Books
Holdings
Withdrawn status Lost status Source of classification or shelving scheme Damaged status Not for loan Home library Current library Shelving location Date acquired Total Checkouts Barcode Date last seen Price effective from Koha item type Public note
    Dewey Decimal Classification     Central Library and Information Centre Sibsagar Girls College Central Library and Information Centre Sibsagar Girls College BBLMC 18.02.2022   45806 05.03.2026 05.03.2026 Books V


Sibsagar Girl's College © 2020. All rights reserved.
Powered by Koha.
Maintained by Abhijit Borpuzari.